| 000 | 00545nam a2200181 u 4500 | ||
|---|---|---|---|
| 005 | 20230121063547.0 | ||
| 008 | 090831s2006 r 000 0 eng d | ||
| 020 | _a9706822623 | ||
| 035 | _aUPN01000172143 | ||
| 049 | _aCG | ||
| 050 | 4 |
_aPN181 _bD4.2 |
|
| 245 | 0 | 0 |
_aDecálogos, mandamientos, credos, consejos y preceptos para oficiantes de la escritura / _ccomp. Carlos López. |
| 260 |
_aMéxico : _bPraxis, _c2006. |
||
| 300 | _a216 p. | ||
| 650 | 2 |
_aArte de escribir _92551 |
|
| 700 | 1 |
_aLópez, Carlos, _d1954- , _ecomp. |
|
| 905 | _aLibro | ||
| 999 |
_c144247 _d144247 |
||